00516nam a2200181 4500010001300000020001500013035001300028037001600041040001200057082001300069245005900082260004700141270003300188300001600221650003600237650004700273700001400320 aB-130510 a0753407760 aB-130510 aCen Lib/Ret aDPLbEN a030bKIN aThe Kingfisher A-Z encyclopedia /cedited by Ben Hoare aNew YorkbKingfisher Publication Plcc2002 aNew Penderal HousebNew York a399p.b30cm aEncyclopedias and dictionaries. aChildren's encyclopedias and dictionaries. aBen Hoare